000 01577cam a22004934i 4500
003 PE-LiUPU
005 20250731173547.0
008 150616s r 000 0 d
020 _a8527500043
035 _a(Sirsi) i9788527500043
040 _aPE-LiUPU
_bspa
_cPE-LiUPU
_erda
049 _aPRUA
082 0 4 _a226.5077
_bB85
_221
100 1 _aBruce, F.F.,
_eautor.
245 1 0 _aJoao, Introduçao e comentário /
_cF. F. Bruce.
264 1 _aSao Paulo :
_bEditora Mundo Cristao,
_c1990.
300 _a355 páginas ;
_c21.
336 _atext
_2rdacontent
337 _aunmediated
_2rdamedia
338 _avolume
_2rdacarrier
490 0 _aCultura Bíblica
504 _aBibliografía al pie de páginas.
505 0 _aIntroducción.- Análisis.- Comentario de cada capítulo (1 - 21).
526 _aSEG42
526 _aSEG41
526 _aSEG40
526 _aSEG39
526 _aP94
526 _aP87
526 _aP86
526 _aP85
526 _aP77
526 _aP76
526 _aP35
630 _aBiblia.
_pN.T.
_pJuan
_xComentarios.
650 0 4 _a
910 _ajck
_bjvq
_cjck
942 _2ddc
_cBOOK
949 _a226.5077 B85
_wDEWEY
_c1
_i42851
_lCCODEBUL1
_mBUL
_r0
_sY
_tBOOK
_u2015-6-16
_xTEOLOGIA
_zUNKNOWN
_0COMPRA
_o.STAFF. Colección General
994 _aC0
_bPEPRU
596 _a1
999 _a226.5077 B85
_wDEWEY
_c60820
_i42851
_f2021-11-9
_g5
_lCCODEBUL1
_mBUL
_r0
_sY
_tBOOK
_u2015-6-16
_xTEOLOGIA
_zUNKNOWN
_0COMPRA
_o.STAFF. Colección General
_d60820
980 _81
_gALBERTO SANCHEZ Responsable de Automatización